| 000 | 00967cam a2200325M 4500 | ||
|---|---|---|---|
| 001 | 93462 | ||
| 005 | 20230410132922.0 | ||
| 008 | 020507s19779999sp 000 0 spa d | ||
| 035 | _a(OCoLC)ocn636794718 | ||
| 040 |
_aESUDE _bspa _cESUDE |
||
| 020 | _a8424900286 | ||
| 020 | _a9788424900281 | ||
| 035 | _a(OCoLC)636794718 | ||
| 050 | 1 | 4 |
_aB 171 _bB582 1977 |
| 049 | _aGRAL | ||
| 100 | 0 |
_aDemóstenes, _d(384-322 av. J.-C.) |
|
| 130 | 1 | _aBiblioteca Clásica Gredos. | |
| 245 | 1 | 0 |
_aDiscursos políticos I / _cDemóstenes ; introducciones, traducción y notas de A. López Eire. |
| 250 | _a1a. reimpr. | ||
| 260 |
_aMadrid : _bGredos, _c1977. |
||
| 300 |
_a542 p. ; _c20 cm. |
||
| 440 | 0 |
_aBiblioteca clásica Gredos ; _vn.35 |
|
| 650 | 0 | _aPhilosophy, Classical. | |
| 650 | 0 | _aPhilosophy, Ancient. | |
| 650 | 0 |
_aPhilosophers, Ancient _xBiography |
|
| 700 | 1 |
_aLopez Eire, Antonio, _etr. |
|
| 942 |
_2lcc _cbk |
||
| 946 | _amjcruz | ||
| 994 |
_aC0 _bDRFGD |
||
| 999 |
_c90190 _d90190 |
||